Paesi più vicini a Capo Verde - Morte improvvisa - Statistics

Statistiche generali
  • Questo quiz è stato fatto 26 volte
  • Il punteggio medio è 6 su 15
Answers on the Grid
Answers color-coded by a green-red scale on the quiz's grid according to % correct below.
Senegal
Mauritania
Gambia
Marocco
Guinea Bissau
Guinea
Mali
Sierra Leone
Spagna
Liberia
Costa d'Avorio
Portogallo
Algeria
Burkina Faso
Ghana
Tunisia
Libia
Egitto
Chad
Niger
Togo
Benin
Nigeria
Camerun
Guinea Equatoriale
Gabon
São Tomé e Príncipe
Repubblica del Congo
Andorra
Francia
 
Statistiche sulle risposte
Risposta % Corretto
Senegal
65%
Gambia
55%
Marocco
55%
Sierra Leone
55%
Guinea Bissau
50%
Mauritania
50%
Guinea
45%
Liberia
45%
Costa d'Avorio
40%
Mali
35%
Algeria
30%
Burkina Faso
30%
Portogallo
25%
Spagna
25%
Ghana
20%
Nessun quiz corrispondente trovato
Distribuzione punteggi
Percentuale di utenti per punteggio
Percentile per numero di risposta
I tuoi punteggi nel tempo
Non hai fatto questo quiz